| 000 | 00523cam a2200193 a 4500 | ||
|---|---|---|---|
| 020 | _a0618293434 | ||
| 020 | _a9780618293438 | ||
| 040 | _cDLC | ||
| 082 | _a515 ROC 2004 | ||
| 100 | 1 | _aBerresford, Geoffrey C., | |
| 245 | 1 | 0 | _aBrief applied calculus / |
| 250 | _a3rd ed. | ||
| 260 |
_aBoston : _bHoughton Mifflin, _cc2004. |
||
| 300 |
_a1 v. (various pagings) : _bill. (some col.) ; _c24 cm. + _e1 CD-ROM |
||
| 500 | _aIncludes indexes. | ||
| 650 | 0 | _aCalculus. | |
| 700 | 1 | _aRockett, Andrew Mansfield. | |
| 942 | _cEK | ||
| 999 |
_c11256 _d11256 |
||